The rise and growth of economic nationalism in India (Record no. 31915)

MARC details
000 -LEADER
fixed length control field 01065nam a22002417a 4500
005 - DATE AND TIME OF LATEST TRANSACTION
control field 2009111306196.0
008 - FIXED-LENGTH DATA ELEMENTS--GENERAL INFORMATION
fixed length control field 091113t xxu||||| |||| 00| 0 eng d
010 ## - LCCN (DPL NO)
LC control number ENG-95487
020 ## - INTERNATIONAL STANDARD BOOK NUMBER
International Standard Book Number 9788124114179
Terms of availability 895.00
035 ## - SYSTEM CONTROL NUMBER
System control number EN-78020
037 ## - SOURCE OF ACQUISITION
Source of stock number/acquisition DBAD/PUB
040 ## - CATALOGING SOURCE
Original cataloging agency DPL
100 ## - MAIN ENTRY--PERSONAL NAME
Personal name Chandra, Bipan
245 ## - TITLE STATEMENT
Title The rise and growth of economic nationalism in India
Statement of responsibility, etc by Bipan Chandra
Remainder of title Economic plicies of Indin National Leadership (1880-1905 )
260 ## - PUBLICATION, DISTRIBUTION, ETC. (IMPRINT)
Place of publication, distribution, etc New Delhi
Name of publisher, distributor, etc Har-Anand Publicctions Pvt. Ltd.
Date of publication, distribution, etc 2009
270 ## - ADDRESS
Address E-49/3,Okhla Industrial Area, Phase - II
City New Delhi
Postal code 110020
300 ## - PHYSICAL DESCRIPTION
Extent 688p.
Dimensions 22 cm.(Hb)
500 ## - GENERAL NOTE
General note Induxibg
856 ## - ELECTRONIC LOCATION AND ACCESS
Uniform Resource Identifier <a href="http://www.loc.gov/catdir/toc/ecip0721/2007025342.html">http://www.loc.gov/catdir/toc/ecip0721/2007025342.html</a>
942 ## - ADDED ENTRY ELEMENTS (KOHA)
Source of classification or shelving scheme Dewey Decimal Classification
Item type English Books
Call number suffix CHA
Holdings
Withdrawn status Lost status Source of classification or shelving scheme Damaged status Not for loan Collection code Home library Current library Date acquired Source of acquisition Cost, normal purchase price Total Checkouts Full call number Barcode Date last seen Copy number Cost, replacement price Koha item type
    Dewey Decimal Classification   Not For Loan Non-fiction D.B.Act.Division D.B.Act.Division 18/11/2009 DBAD / PUB 895.00   CHA EN-79020 18/11/2009 1 895.00 English Books

© Delhi Public Library
Hit Counter
free hit counter